| 000 | 00525nam a2200193Ia 4500 | ||
|---|---|---|---|
| 005 | 20250326140519.0 | ||
| 008 | 250326s9999 xx 000 0 und d | ||
| 020 | _a1-57851-993-4 | ||
| 037 | _aTextbook | ||
| 040 |
_aFMSL _beng _cFMSL |
||
| 041 |
_aeng _2eng |
||
| 084 |
_aX:8 P3 _qFMSL |
||
| 100 |
_aSull Donald N _9742492 |
||
| 245 | 0 |
_aRevival of the fittest _cSull Donald N |
|
| 260 |
_aBoston _bBoston, Harvard Business _c2003 |
||
| 300 | _axxiii,203 | ||
| 942 |
_cTB _hX:8 P3 |
||
| 999 |
_c1286127 _d1286127 |
||